A la luz del amor de Dios
Zapisane w:
| 1. autor: | |
|---|---|
| Format: | Książka |
| Język: | hiszpański |
| Wydane: |
Florida.
A.C.E.S.
2001.
|
| Hasła przedmiotowe: | |
| Etykiety: |
Dodaj etykietę
Nie ma etykietki, Dołącz pierwszą etykiete!
|
MARC
| LEADER | 00000nam a22000005a 4500 | ||
|---|---|---|---|
| 001 | 15035 | ||
| 003 | CL-ChBUA | ||
| 005 | 20120815103538.0 | ||
| 008 | 070301s2001 ag 000 0 spa | ||
| 020 | |a 9505738099 | ||
| 040 | |a CL-ChBUA |c CL-ChBUA | ||
| 082 | 0 | 0 | |a 231.13 |
| 090 | |c 15035 |d 15035 | ||
| 100 | 1 | |a Gibson, Ty. | |
| 245 | 1 | 0 | |a A la luz del amor de Dios |
| 260 | |b A.C.E.S. |a Florida. |c 2001. | ||
| 300 | |a 122 p. |c 20 cm. | ||
| 504 | |a Indice. | ||
| 650 | 4 | |a DIOS. | |
| 650 | 4 | |a AMOR (TEOLOGIA). | |
| 942 | |c LIB | ||
| 952 | |0 0 |1 0 |2 ddc |4 0 |6 231_130000000000000_G_451__C_1 |7 0 |9 21048 |a UNACH |b UNACH |c 200 |d 2007-03-05 |i 34.666 |l 2 |m 2 |o 231.13 / G 451. c.1 |p 22047 |r 2023-06-20 00:00:00 |s 2023-06-15 |u 21048 |w 2012-08-08 |y LIB | ||
| 952 | |0 0 |1 0 |2 ddc |4 0 |6 231_130000000000000_G_451__C_2 |7 0 |9 21049 |a UNACH |b UNACH |c 200 |d 2007-03-05 |i 34677 |l 0 |o 231.13 / G 451. c.2 |p 22048 |r 2019-04-10 00:00:00 |u 21049 |w 2012-08-08 |y LIB | ||
| 952 | |0 0 |1 0 |2 ddc |4 0 |6 231_130000000000000_G_451__C_3 |7 0 |9 21050 |a UNACH |b UNACH |c 200 |d 2007-03-05 |i 34678. |l 1 |o 231.13 / G 451. c.3 |p 22049 |r 2018-06-01 00:00:00 |s 2018-05-25 |u 21050 |w 2012-08-08 |y LIB | ||
| 952 | |0 0 |1 0 |2 ddc |4 0 |6 231_130000000000000_G_451__C_4 |7 0 |9 61853 |a UNACH |b UNACH |c 200 |d 2009-05-05 |i 45.003 |l 4 |m 1 |o 231.13 / G 451. c.4 |p 62988 |r 2024-06-25 00:00:00 |s 2018-05-23 |u 61853 |w 2012-08-08 |y LIB | ||
| 952 | |0 0 |1 0 |2 ddc |4 0 |6 231_130000000000000_G_451__C_5 |7 0 |9 68595 |a UNACH |b UNACH |c 200 |d 2012-03-22 |i 48661 |l 0 |o 231.13 / G 451. c.5 |p 69727 |r 2025-05-08 01:12:23 |u 68595 |w 2012-08-08 |y LIB | ||
| 999 | |c 15035 |d 15035 | ||